000 00461nam a2200181Ia 4500
001 8878
005 20260306160642.0
008 260306t2009||||xx |||||||||||||| ||spa||
041 _aESP
082 _a371.822
_bJ415
100 _aJames, Abigail Norfleet
_eAUT
245 0 _aTeaching the female brain:
_bhow girls learn math and science
260 _c2009
300 _a188 páginas :
_c25 cm.
650 _aGEN
654 _aCED
942 _cLIB
_dJUS
_fJUS
_2ddc
_n
999 _c8878
_d8878